000 00471nam a2200181Ia 4500
005 20260526104826.0
008 131103s9999 xx 000 0 und d
040 _aLoreto College
041 _aEnglish
082 _a821.084
_bMAC
245 _aAustralian Poetry 1954
_cSelected by Ronald Mc CUAIG
260 _aSydney
_bAngus and Robertson
_c1956
300 _a80p.
650 _aEnglish Poetry
700 _aMc Cuaig Ronald ;Selc
850 _aLCLIB
942 _cBK
999 _c20958
_d71437